Functional properties of food components

Guardat en:
Dades bibliogràfiques
Autor principal: Pomeranz, Yeshajahu (Autor)
Format: Llibre
Idioma:anglès
Publicat: Orlando Academic Press 1985
Col·lecció:Food Science and Tecnology
Matèries:
Etiquetes: Afegir etiqueta
Sense etiquetes, Sigues el primer a etiquetar aquest registre!

MARC

LEADER 00000nam a2200000 a 4500
001 UCR4886
003 CL-VaPUC
005 20230816111614.0
008 980320e19850000US |||||||||||||||||eng|d
999 |c 267675  |d 267673 
040 |c Pontificia Universidad Católica de Valparaíso 
082 0 4 |a 641  |b POM  |2 21 
100 0 |a Pomeranz, Yeshajahu  |e author  |9 405428 
245 1 0 |a Functional properties of food components 
260 |a Orlando  |b Academic Press  |c 1985 
300 |a 546 p 
490 0 |a Food Science and Tecnology 
583 |a last modification  |c 19980320 00:00:00  |k Rodrigo Vera 
600 0 |9 300361  |a Pomeranz, Yeshajahu  |e author 
650 0 |a Alimentos  |v Composición  |9 256203 
650 0 |a Bioquímica   |9 259492 
650 0 |a Tecnología de alimentos  |2 CL-VaPUC  |9 259595 
650 0 |a Aditivos alimentarios  |9 867827 
942 |c BK  |2 ddc 
945 |d 19980320 00:00:00  |a crobeson 
952 |0 0  |1 0  |4 0  |6 641_000000000000000_POM_1985  |7 0  |8 A  |9 300150  |a BIBALI  |b BIBALI  |c RES  |d 2019-11-20  |i 1967258  |o 641 POM 1985  |p 1967258  |r 2025-01-20  |w 2019-11-20  |y BK_R  |k ALI